Franz von Eichen - ein unbekannter Dramatiker aus Mähren
| Titel: | Franz von Eichen - ein unbekannter Dramatiker aus Mähren : aus dem Nachlass von Franz Graf Dubsky / Eleonora Jeřábková |
|---|---|
| Verfasser: | |
| In: |
Brünner Beiträge zur Germanistik und Nordistik, Band 15, Heft 1-2 (2010), Seite 217-231 alle Artikel anzeigen |
| Veröffentlicht: | 2010 |
| Format: | Aufsatz |
| Sprache: | Deutsch |
X
alg: 29317048 001A $04504:30-03-12 001B $01999:19-07-19 $t15:01:00.000 001C $04504:30-03-12 $t16:01:11.000 001D $04504:30-03-12 001U $0utf8 001X $00 002@ $0Aou 003@ $0293170487 007A $0293170487 $aHEB 010@ $ager 011@ $a2010 021A $aFranz von Eichen - ein unbekannter Dramatiker aus Mähren $daus dem Nachlass von Franz Graf Dubsky $hEleonora Jeřábková 028A $#Ustohalová, Eleonora $71060788403 $8Jeřábková, Eleonora$Z1957- [Tp3] $9349865132 031A $d15 $e1-2 $h217-231 $j2010 039B $aIn $8--Abvc--. Brünner Beiträge zur Germanistik und Nordistik. - Brno : Masarykova Univerzita, 1977-. - ISSN 1211-4979 $x201000000150001783 $9047483814 044K $#Dubsky, Franz von $#Dubskie, Franz von $#Dubski, Franz von $#Dubsky-Trembomyslie, Franz $#Třebomyslice, Franz de $#Trembomyslie, Franz Dubsky- $#Trembomyslie, Franz von $#Trembomisly, Franz von $#Dubsky de Trembomyslie, Franz $#Dubský de Třebomyslice, Franz $#Dubský de Třebomyslice, František $#Dubský, František de $#Třebomyslice, Franz von $#Třebomyslice, František de $#Dubský von Třebomyslice, Franz $#Dubsky von Třebomyslic, Franz $#Dubsky von Třebomyslic, Franz Moritz Adolf $71021283126 $8Dubsky, Franz$Z1883-1965 [Tp1] $9293163774 045T $a7,20 $a7,22 045T $aLING $qDE-30 $2FID 045T $aGER $qDE-30 $2FID 045V $aDubsky, Franz $817.18.00$jZu einzelnen Autoren [Tkx] $9118843737 lok: 29317048 62 exp: 29317048 62 1 #EPN 201B/01 $030-03-12 $t22:19:10.000 203@/01 $0640597041 208@/01 $a30-03-12 $be 209A/01 $a/ $f000 $x00 209B/01 $a2012 $x05 247C/01 $8Frankfurt, Bibliographie der Deutschen Sprach- und Literaturwissenschaft $9113214561 201U/01 $0utf8 lok: 29317048 78 exp: 29317048 78 1 #EPN 201B/01 $020-11-20 $t14:53:58.000 201C/01 $020-11-20 201U/01 $0utf8 203@/01 $01130894177 208@/01 $a20-11-20 $be 209A/01 $a/ $f000 $x00 209A/01 $ab*p $x01 220C/01 $apgar 244Z/01 $#Böhmische Kronländer $#Länder der Böhmischen Krone $#Sudetenland $#Böhmen $#Mähren $#Mährisch-Schlesien $#Österreichisch-Schlesien $#Tschechische Sozialistische Republik Böhmische Länder $#Tschechei Böhmische Länder $#Země koruny české $74069573-6 $8--Tg1--Böhmische Länder $x01 $9085195553 247C/01 $82080>Marburg/Lahn, Herder-Institut, Forschungsbibliothek, Bibliographieportal $9336309341
| LEADER | 00000caa a2200000 c 4500 | ||
|---|---|---|---|
| 001 | 293170487 | ||
| 003 | DE-603 | ||
| 005 | 20190719150100.0 | ||
| 007 | tu | ||
| 008 | 120330s2010 xx |||| | u00||u|ger c | ||
| 035 | |a (DE-599)HEB293170487 | ||
| 040 | |a DE-603 |b ger |c DE-603 |d DE-603 | ||
| 041 | |a ger | ||
| 084 | |a 7,20 |a 7,22 |2 ssgn | ||
| 084 | |a LING |q DE-30 |2 fid | ||
| 084 | |a GER |q DE-30 |2 fid | ||
| 100 | 1 | |a Jeřábková, Eleonora |d 1957- |0 (DE-603)349865132 |0 (DE-588)1060788403 |2 gnd | |
| 245 | 0 | 0 | |a Franz von Eichen - ein unbekannter Dramatiker aus Mähren |b aus dem Nachlass von Franz Graf Dubsky |c Eleonora Jeřábková |
| 264 | 0 | |c 2010 | |
| 600 | 1 | 7 | |a Dubsky, Franz |d 1883-1965 |0 (DE-588)1021283126 |0 (DE-603)293163774 |2 gnd |
| 773 | 0 | 8 | |i In |t Brünner Beiträge zur Germanistik und Nordistik |d Brno : Masarykova Univerzita, 1977- |h 25 cm |x 1211-4979 |g Band 15, Heft 1-2 (2010), Seite 217-231 |w (DE-603)047483814 |w (DE-600)303173-1 |
| 924 | 0 | |9 603 |a (DE-603)640597041 |b DE-603 |c HES |d d | |
| 924 | 0 | |9 2080 |a (DE-603)1130894177 |b DE-2080 |c HES |d d |g / | |


